Văn hóa Đông Sơn ở Việt Nam
Giới thiệu các di tích văn hóa Đông Sơn; di vật văn hóa Đông Sơn; Môi trường sống của cư dân Đông Sơn. Đề cập đến con người, nguồn gốc văn hóa Đông Sơn; các loại hình địa phương và các giai đoạn phát triển của văn hóa Đông Sơn; văn hóa vật chất của người Đông Sơn; đời sống tinh thần của người Đông S...
Đã lưu trong:
| Định dạng: | Sách |
|---|---|
| Năm xuất bản: |
H.
Khoa học xã hội
1994
|
| Chủ đề: | |
| Tags: |
Thêm thẻ
Không có thẻ, Hãy là người đầu tiên gắn thẻ bản ghi này!
|
| LEADER | 01322nam a2200193 4500 | ||
|---|---|---|---|
| 082 | |a 306.46 |b V114h. | ||
| 100 | |a | ||
| 245 | |a Văn hóa Đông Sơn ở Việt Nam |c Hà Văn Tấn, Bùi Văn Liêm, Chử Văn Tần,... | ||
| 260 | |a H. |b Khoa học xã hội |c 1994 | ||
| 300 | |a 521 tr. |c 24 cm. | ||
| 520 | |a Giới thiệu các di tích văn hóa Đông Sơn; di vật văn hóa Đông Sơn; Môi trường sống của cư dân Đông Sơn. Đề cập đến con người, nguồn gốc văn hóa Đông Sơn; các loại hình địa phương và các giai đoạn phát triển của văn hóa Đông Sơn; văn hóa vật chất của người Đông Sơn; đời sống tinh thần của người Đông Sơn. | ||
| 653 | |a Văn hóa | ||
| 653 | |a Văn hóa Đông Sơn | ||
| 653 | |a Việt Nam | ||
| 942 | |2 ddc |c STK0 | ||
| 999 | |c 8926 |d 8926 | ||
| 952 | |0 0 |1 0 |2 ddc |4 0 |6 306_460000000000000_V114H |7 0 |8 300 |9 73549 |a qbu |b qbu |c D2 |d 2015-05-04 |g 109000 |o 306.46 V114h. |p 8493.c1 |r 0000-00-00 |w 2015-05-04 |y STK0 | ||
| 952 | |0 0 |1 0 |2 ddc |4 0 |6 306_460000000000000_V114H |7 0 |8 300 |9 73550 |a qbu |b qbu |c D2 |d 2015-05-04 |g 109000 |l 1 |o 306.46 V114h. |p 8493.c2 |r 2017-12-20 |s 2017-12-07 |w 2015-05-04 |y STK0 | ||
| 952 | |0 0 |1 0 |2 ddc |4 0 |6 306_460000000000000_V114H |7 0 |8 300 |9 73551 |a qbu |b qbu |c D2 |d 2015-05-04 |g 109000 |o 306.46 V114h. |p 8493.c3 |r 2021-01-05 |w 2015-05-04 |y STK0 | ||